Autoridades para la promoción de innovación: ¿Cuán efectivos son los diferentes modelos nacionales?
Furkejuvvon:
| Váldodahkkit: | , |
|---|---|
| Materiálatiipa: | Girji |
| Giella: | espánnjágiella |
| Almmustuhtton: |
Santiago
Cieplan
2015
|
| Preanttus: | 1a. ed |
| Ráidu: | Programa Cieplanutalca
|
| Fáttát: | |
| Fáddágilkorat: |
Lasit fáddágilkoriid
Eai fáddágilkorat, Lasit vuosttaš fáddágilkora!
|
MARC
| LEADER | 00000cam a2200000 a 4500 | ||
|---|---|---|---|
| 001 | UCD7335 | ||
| 003 | CL-VaPUC | ||
| 008 | 170317e20151200cl |||||||||||||||||spa|d | ||
| 020 | |a 9789562040563 | ||
| 082 | 0 | 4 | |a 338.9 |b ESC |2 21 |
| 100 | 0 | |a Escobar, Bernardita |e author |9 591323 | |
| 700 | 0 | |a Valenzuela, Andrea |e author |9 591324 | |
| 245 | 1 | 0 | |a Autoridades para la promoción de innovación: ¿Cuán efectivos son los diferentes modelos nacionales? |
| 250 | |a 1a. ed | ||
| 300 | |a 120 p | ||
| 942 | |c BK | ||
| 945 | |d 20170317 22:16:00 |a arojas | ||
| 260 | |a Santiago |b Cieplan |c 2015 | ||
| 650 | 7 | |a INSTITUCIONES PUBLICAS |2 CL-VaPUC |9 439453 | |
| 650 | 0 | |a Desarrollo económico |9 259599 | |
| 650 | 7 | |a INNOVACIONES TECNOLOGICAS |2 CL-VaPUC |9 591325 | |
| 651 | 0 | |a América Latina |9 255027 | |
| 583 | |a last modification |c 20170317 22:16:00 |k Rodrigo Vera | ||
| 490 | 0 | |a Programa Cieplanutalca | |
| 999 | |c 367397 |d 367395 | ||
| 952 | |0 0 |1 0 |3 erb |4 0 |6 338_900000000000000_ESC_2015 |7 0 |8 A |9 482249 |a BIBGIM |b BIBGIM |i 5381525 |o 338.9 ESC 2015 |p 5381525 |r 2025-01-15 |w 2019-11-24 |y BK |z Catalogado en:20170317 |k GIM | ||